Urban renewal: (Record no. 7673)

000 -LEADER
fixed length control field 01243nam a22002177a 4500
003 - CONTROL NUMBER IDENTIFIER
control field OSt
005 - DATE AND TIME OF LATEST TRANSACTION
control field 20200317144745.0
008 - FIXED-LENGTH DATA ELEMENTS--GENERAL INFORMATION
fixed length control field 200317b ||||| |||| 00| 0 eng d
020 ## - INTERNATIONAL STANDARD BOOK NUMBER
International Standard Book Number 9781682500699
082 ## - DEWEY DECIMAL CLASSIFICATION NUMBER
Classification number 307.3416
Item number JAL
100 ## - MAIN ENTRY--PERSONAL NAME
Personal name Jalaludin, Bin
245 ## - TITLE STATEMENT
Title Urban renewal:
Remainder of title Policy and management /
Statement of responsibility, etc by Bin Jalaludin; Michelle Maxwell
260 ## - PUBLICATION, DISTRIBUTION, ETC. (IMPRINT)
Name of publisher, distributor, etc Magnum Publishing
Date of publication, distribution, etc c2016
300 ## - PHYSICAL DESCRIPTION
Extent xvii, 193 p.
520 ## - SUMMARY, ETC.
Summary, etc Urban renewal, is a program of land redevelopment in areas of moderate to high density urban land use. Urban renewal involves the relocation of businesses, the demolition of structures, the relocation of people, and the use of eminent domain as a legal instrument to take private property for city-initiated development projects. Urban renewal has been seen by proponents as an eco­nomic engine and a reform mechanism, and by critics as a mechanism for control. It may enhance existing communities, and in some cases result in the demolition of neighborhoods. The book con­centrates on urban renewal focusing on the social and physical aspects of this process
650 ## - SUBJECT ADDED ENTRY--TOPICAL TERM
Topical term or geographic name as entry element Urban renewal.
650 ## - SUBJECT ADDED ENTRY--TOPICAL TERM
Topical term or geographic name as entry element Urban renewal -- Management.
650 ## - SUBJECT ADDED ENTRY--TOPICAL TERM
Topical term or geographic name as entry element Urban policy.
700 ## - ADDED ENTRY--PERSONAL NAME
Personal name Maxwell, Michelle
942 ## - ADDED ENTRY ELEMENTS (KOHA)
Source of classification or shelving scheme
Holdings
Withdrawn status Lost status Source of classification or shelving scheme Damaged status Koha normalized classification for sorting Not for loan Permanent location Current location Date acquired Full call number Barcode Date last seen Price effective from Koha item type
        307_341600000000000_JAL   BMS College of Architecture, Design and Planning BMS College of Architecture, Design and Planning 2020-03-17 307.3416 JAL AR-PG299 2020-03-17 2020-03-17 PG Books
Copyright © 2025, The Librarian, Library and Information Centre, BMSCA D&P, Bengaluru. All Rights Reserved
web counter

Powered by Koha